000 00232 a2200097 4500
000 nam a22 7a 4500
005 20260210153705.0
100 _aDivakaruni, Chitra Banerjee
_91114874
245 _aThe Last Queen
942 _cTEXL
999 _c1679116
_d1679116